| 000 | 00349 a2200157 4500 | ||
|---|---|---|---|
| 001 | 62491 | ||
| 020 | _a8504009440 | ||
| 040 | _cAnchieta - Pituba | ||
| 100 | _aCarroll, Lewis | ||
| 240 | 1 | 0 |
_aAlice no país do espelho _lpor |
| 245 | 1 | 0 | _aAlice no país do espelho |
| 300 | _a136 | ||
| 362 | 0 | _a2005 | |
| 650 | 4 | _aLiteratura juvenil | |
| 942 | _cBK | ||
| 999 |
_c62491 _d62491 |
||